000 00681nam a2200289Ia 4500
005 20260324122315.0
008 008 260324s9999 xx 000 0 eng d
020 _a9781315416618
037 _aEBOOK
040 _aCRL
040 _beng
040 _cCRL
041 _2eng
041 _aeng
084 _qCRL
100 _aCameron Walker; Neil Carr
_91165943
245 0 _aTourism and Archaeology
245 0 _bSustainable Meeting Grounds
260 _bTaylor and Francis
260 _c2013
365 _a
365 _b240
856 _uhttp://www.taylorfrancis.com/books/9781315416618
942 _cEBOOK
999 _c1758571
_d1758571